<?xml version="1.0" encoding="UTF-8"?><?xml-stylesheet type="text/xsl" href="static/style.xsl"?><OAI-PMH xmlns="http://www.openarchives.org/OAI/2.0/" xmlns:xsi="http://www.w3.org/2001/XMLSchema-instance" xsi:schemaLocation="http://www.openarchives.org/OAI/2.0/ http://www.openarchives.org/OAI/2.0/OAI-PMH.xsd"><responseDate>2026-04-26T20:21:12Z</responseDate><request verb="GetRecord" identifier="oai:uvadoc.uva.es:10324/18596" metadataPrefix="marc">https://uvadoc.uva.es/oai/request</request><GetRecord><record><header><identifier>oai:uvadoc.uva.es:10324/18596</identifier><datestamp>2021-06-29T16:18:20Z</datestamp><setSpec>com_10324_38</setSpec><setSpec>col_10324_852</setSpec></header><metadata><record xmlns="http://www.loc.gov/MARC21/slim" xmlns:doc="http://www.lyncode.com/xoai" xmlns:xsi="http://www.w3.org/2001/XMLSchema-instance" xmlns:dcterms="http://purl.org/dc/terms/" xsi:schemaLocation="http://www.loc.gov/MARC21/slim http://www.loc.gov/standards/marcxml/schema/MARC21slim.xsd">
<leader>00925njm 22002777a 4500</leader>
<datafield tag="042" ind1=" " ind2=" ">
<subfield code="a">dc</subfield>
</datafield>
<datafield tag="720" ind1=" " ind2=" ">
<subfield code="a">Brignardello Purroy, Gina</subfield>
<subfield code="e">author</subfield>
</datafield>
<datafield tag="260" ind1=" " ind2=" ">
<subfield code="c">2016</subfield>
</datafield>
<datafield tag="520" ind1=" " ind2=" ">
<subfield code="a">El concepto de Responsabilidad Social Corporativa (RSC) tiene cada vez más protagonismo en los distintos ámbitos del mundo económico, social, político y académico. Se multiplican iniciativas empresariales, sindicales, públicas y sociales para desarrollar este concepto. Ello se debe a la progresiva concienciación de las empresas sobre la responsabilidad que tienen respecto a la sociedad de la que toman sus recursos, de las personas que hacen posible sacar adelante sus proyectos, como a la sensibilización hacia los problemas medioambientales que su actividad pueda generar. A ello se añade la misma sensibilización y preocupación de la sociedad y en concreto de diferentes agentes sociales que demandan y presionan para que las empresas actuén de manera responsable en el ámbito laboral, social y medioambienta&#xd;
Hemos querido estudiar este aspecto empresarial en un sector esencial para la economía de España, el turismo,&#xd;
y dentro de él, el sector hotelero, que actualmente está conociendo una fuerte orientación a la innovación&#xd;
y por otro apuesta por la sostenibilidad.&#xd;
Para ello nos hemos centrado en dos grandes cadenas hoteleras españolas, Meliá Hotels International y NH&#xd;
Hotel Group, de similares características al tiempo que son competencia. Ambas destacan por el grado de&#xd;
implicación en RSC. Estudiaremos en primer lugar cómo comunican sus políticas en materia de Responsabilidad&#xd;
Social Corporativa, en particular cómo la aplican en su organización interna. A continuación analizaremos&#xd;
después cómo la comunican en las últimas campañas que han promocionado y en las redes sociales.</subfield>
</datafield>
<datafield tag="024" ind2=" " ind1="8">
<subfield code="a">http://uvadoc.uva.es/handle/10324/18596</subfield>
</datafield>
<datafield ind1=" " ind2=" " tag="653">
<subfield code="a">Empresas-Aspecto social</subfield>
</datafield>
<datafield ind1=" " ind2=" " tag="653">
<subfield code="a">Hoteles-Gestión</subfield>
</datafield>
<datafield tag="245" ind1="0" ind2="0">
<subfield code="a">Responsabilidad Social Corporativa: estudio comparativo de la comunicación de las cadenas hoteleras Meliá Hotels International y NH Hotel Group</subfield>
</datafield>
</record></metadata></record></GetRecord></OAI-PMH>